00654 a2200157 4500003000500000005001700005040000900022082001200031100001700043245004900060260003400109300003100143505029300174600001700467650001200484Nust20230525120832.0 cNust a823,BRI aBridge, Ann, aThe song in the house stories bycAnn Bridge aChatto & WindusbLondonc1936 avii,283, p.;billusc19 cm aThe Buick Saloon (Page-1),The Song In The House (Page-31),The Record (Page-62),The Accident (Page-92),The Wooden Madonna (Page-133), The Burberry (Page-155),The Glass Of Milk (Page-189),The Beech Tree (Page-218),Pepitas Miracle (Page-225),The Station Road (Page-242),The Walk (Page-257). aBridge, Ann, aStories